| 000 | 00601 a2200253 4500 | ||
|---|---|---|---|
| 260 | _aMarseille | ||
| 100 | _aAUBERT, Guy | ||
| 260 | _bCentre Régional de Documentation Pédagogique | ||
| 245 | _aMéthodes d'analyses des sols | ||
| 300 | _a191 p. | ||
| 650 | _a<Pédologie><Sol-Biologie> | ||
| 260 | _c1978 | ||
| 300 | _bill., fig. ; 24 cm | ||
| 130 | _lFr. | ||
| 035 | _a7898 | ||
| 035 | _a7896 | ||
| 035 | _a7899 | ||
| 035 | _a7900 | ||
| 035 | _a7897 | ||
| 500 | _aBibliographie : pp. 189. - Annexe : pp. 182-188 | ||
| 999 |
_c11533 _d11533 |
||